Alle 37 deutschen Außen, - & Innenminister (1949 - 2024) - Statistiken

Allgemein
  • Dieses Quiz wurde 77 mal gespielt
  • Das Durchschnittsergebnis liegt bei 18 aus 37
Antwortstatistiken
Amtsjahre, & - dauer Amt Partei Name % Korrekt
seit 2021 Außenm. Grüne Annalena Baerbock
96%
2005 - 2009 (4 Jahre) Außenm. SPD Frank - Walter Steinmeier
85%
2013 - 2017 (4 Jahre) Außenm. SPD Frank - Walter Steinmeier
85%
2009 - 2013 (4 Jahre) Außenm. FDP Guido Westerwelle
82%
1969 - 1974 (5 Jahre) Innenm. FDP Hans - Dieter Genscher
82%
1974 - 1982 (8 Jahre) Außenm. FDP Hans - Dieter Genscher
82%
1982 - 1992 (10 Jahre) Außenm. FDP Hans - Dieter Genscher
82%
1998 - 2005 (7 Jahre) Außenm. Grüne Joschka Fischer
81%
2018 - 2021 (3 Jahre) Außenm. SPD Heiko Maas
74%
seit 2021 Innenm. SPD Nancy Faeser
74%
1982 (1 Monat) Außenm. SPD Helmut Schmidt
71%
2017 - 2018 (1 Jahr) Außenm. SPD Sigmar Gabriel
71%
2018 - 2021 (3 Jahre) Innenm. CSU Horst Seehofer
66%
1966 - 1969 (3 Jahre) Außenm. SPD Willy Brandt
63%
1953 - 1961 (8 Jahre) Innenm. CDU Gerhard Schröder
62%
1961 - 1966 (5 Jahre) Außenm. CDU Gerhard Schröder
62%
1951 - 1955 (4 Jahre) Außenm. CDU Konrad Adenauer
62%
1969 - 1974 (5 Jahre) Außenm. FDP Walter Scheel
59%
2009 - 2011 (2 Jahre) Innenm. CDU Thomas de Maiziére
57%
2013 - 2018 (5 Jahre) Innenm. CDU Thomas de Maiziére
57%
1989 - 1991 (2 Jahre) Innenm. CDU Wolfgang Schäuble
53%
2005 - 2009 (4 Jahre) Innenm. CDU Wolfgang Schäuble
53%
1992 - 1998 (6 Jahre) Außenm. FDP Klaus Kinkel
40%
1998 - 2005 (7 Jahre) Innenm. SPD Otto Schily
34%
1982 - 1989 (7 Jahre) Innenm. CSU Friedrich Zimmermann
29%
1978 - 1982 (4 Jahre) Innenm. FDP Gerhart Baum
24%
1955 - 1961 (6 Jahre) Außenm. CDU Heinrich von Brentano
24%
1949 - 1950 (1 Jahr) Innenm. CDU Gustav Heinemann
21%
2011 - 2013 (2 Jahre) Innenm. CSU Hans - Peter Friedrich
21%
1993 - 1998 (5 Jahre) Innenm. CDU Manfred Kanther
16%
1991 - 1993 (2 Jahre) Innenm. CDU Rudolf Seiters
16%
1974 - 1978 (4 Jahre) Innenm. FDP Werner Maihofer
16%
1961 - 1965 (4 Jahre) Innenm. CSU Hermann Höcherl
7%
1968 - 1969 (1 Jahr) Innenm. CDU Ernst Benda
4%
1982 (1 Monat) Innenm. SPD Jürgen Schmude
4%
1965 - 1968 (3 Jahre) Innenm. CDU Paul Lücke
4%
1950 - 1953 (3 Jahre) Innenm. CDU Robert Lehr
3%
Keine übereinstimmenden Quizze gefunden
Verteilung der Resultate
Anzahl Personen mit jedem Resultat
Perzentil nach korrekt beantworteten Fragen
Ihre Resultats-Entwicklung
Sie haben dieses Quiz noch nicht gespielt